| 000 | 00574nam a2200145Ia 4500 | ||
|---|---|---|---|
| 008 | 250506s9999 xx 000 0 und d | ||
| 024 | _a09B-57-EE, 09B-69-EE, 09B-84-EE & 09B-88-EE | ||
| 082 | _a629.892072 FAH | ||
| 100 | _aFahad Abdul Ghaffar, Abid Khan, Faizan Ahmed & Ghulam Murtaza | ||
| 245 | 0 | _aSemi Autonomous Object Grading Robot | |
| 260 |
_aKarachi: _bUIT, _c2009 |
||
| 600 | _aElectronic Engineering | ||
| 650 | _aBachelor of Engineering (BE) | ||
| 856 |
_uhttps://drive.google.com/file/d/1g-odPWSfHIz_0wDoo3qUcSVzXVoMkdKn/view?usp=sharing _yClick Here for PDF |
||
| 999 |
_c27984 _d27984 |
||